[Event "Quebec-ch U16"]
[Site "Montreal CAN"]
[Date "2016.01.16"]
[Round "3"]
[White "Zhang, Evan"]
[Black "Democri, Fardin"]
[Result "1-0"]
[WhiteElo "1584"]
[BlackElo "1381"]
[PlyCount "87"]
[EventDate "2016.01.15"]
[EventType "swiss"]
[EventRounds "5"]
[EventCountry "CAN"]

1. e4 e5 2. Nf3 Nc6 3. Nc3 Nf6 4. d4 exd4 5. Nxd4 Bc5 6. Nxc6 bxc6 7. Bg5 h6 8.
Bh4 d6 9. Qf3 Bg4 10. Bxf6 Bxf3 11. Bxd8 Bxg2 12. Bxg2 Rxd8 13. Ke2 O-O 14. a3
a5 15. Bf3 Rfe8 16. Rhe1 d5 17. Kf1 d4 18. Ne2 d3 19. cxd3 Rxd3 20. Kg2 Re5 21.
Red1 Rb3 22. Rd8+ Kh7 23. Rd2 h5 24. Nc3 Kh6 25. Be2 Rb8 26. Bc4 Rg5+ 27. Kh1
f5 28. e5 f4 29. e6 f3 30. Re1 Re8 31. h3 Rf5 32. Kg1 Rg5+ 33. Kf1 Rg2 34. Ne4
Be7 35. Rd3 Rf8 36. Ree3 Rg6 37. Rxf3 Rb8 38. Ng3 Bf6 39. Nf5+ Kg5 40. e7 Re8
41. Bf7 Rxe7 42. Nxe7 Rh6 43. h4+ Kxh4 44. Nf5+ 1-0

[Event "Quebec-ch U16"]
[Site "Montreal CAN"]
[Date "2016.01.17"]
[Round "4"]
[White "Democri, Fardin"]
[Black "Cai, Susan"]
[Result "0-1"]
[WhiteElo "1381"]
[BlackElo "1222"]
[PlyCount "78"]
[EventDate "2016.01.15"]
[EventType "swiss"]
[EventRounds "5"]
[EventCountry "CAN"]

1. e4 e5 2. Nf3 d6 3. h3 Nf6 4. d3 g6 5. Bg5 Bg7 6. Nc3 Be6 7. Qd2 Nc6 8. Be2
a6 9. a3 Qd7 10. Qe3 O-O-O 11. O-O Rde8 12. Bxf6 Bxf6 13. Rfd1 Nd4 14. Nxd4
exd4 15. Qf3 Be5 16. Nd5 f5 17. Nf4 fxe4 18. Qxe4 Bf5 19. Bg4 Bxe4 20. Bxd7+
Kxd7 21. dxe4 Bxf4 22. g3 Bh6 23. Re1 Re7 24. Rad1 Bg7 25. b3 Rhe8 26. f3 d5
27. c3 dxe4 28. cxd4 exf3 29. Rf1 Re3 30. Kf2 Rxb3 31. g4 Rxa3 32. Rb1 Bxd4+
33. Kg3 b5 34. Kh2 Re2+ 35. Kg3 Be5+ 36. Kh4 h6 37. Rbd1+ Ke6 38. Rc1 f2 39.
Rc6+ Kf7 0-1

[Event "Quebec-ch U16"]
[Site "Montreal CAN"]
[Date "2016.01.17"]
[Round "4"]
[White "Hua, Justin"]
[Black "Zhang, Evan"]
[Result "1-0"]
[WhiteElo "1236"]
[BlackElo "1584"]
[PlyCount "75"]
[EventDate "2016.01.15"]
[EventType "swiss"]
[EventRounds "5"]
[EventCountry "CAN"]

1. e4 e5 2. Nf3 Nc6 3. Nc3 Nf6 4. Bc4 Bc5 5. O-O d6 6. d3 Bg4 7. Bb5 a6 8.
Bxc6+ bxc6 9. Be3 Bd4 10. Qe2 Qe7 11. Bxd4 exd4 12. Nb1 Nd7 13. Nbd2 Ne5 14.
Qe1 Nxf3+ 15. Nxf3 Bxf3 16. gxf3 Qg5+ 17. Kh1 Qf4 18. Qd1 g5 19. Rg1 O-O-O 20.
Rg4 Qf6 21. f4 h6 22. Qf3 Rdg8 23. Qg3 Rg7 24. Rg1 Rhg8 25. Qh3 Kb7 26. R1g3
Qe6 27. b3 f5 28. exf5 Qxf5 29. Qxh6 Rh7 30. Rxg5 Qxf4 31. Rb5+ cxb5 32. Qxf4
Rgh8 33. Qe4+ Kb8 34. Rg8+ Rxg8 35. Qxh7 Rf8 36. Qh4 c5 37. Qg3 Rf6 38. Qg8+
1-0

[Event "Quebec-ch U16"]
[Site "Montreal CAN"]
[Date "2016.01.17"]
[Round "4"]
[White "Johnson-Constantin, Matthieu"]
[Black "Li, Yi Lin"]
[Result "0-1"]
[WhiteElo "1712"]
[BlackElo "1969"]
[PlyCount "88"]
[EventDate "2016.01.15"]
[EventType "swiss"]
[EventRounds "5"]
[EventCountry "CAN"]

1. d4 d5 2. c4 c6 3. Nf3 Nf6 4. Bf4 e6 5. e3 Nbd7 6. Nc3 Be7 7. h3 O-O 8. Qc2
Re8 9. cxd5 exd5 10. Bd3 Nf8 11. Ne5 Ne6 12. Bh2 g6 13. f4 Nd7 14. f5 Nxe5 15.
Bxe5 Ng7 16. O-O Bxf5 17. Bxf5 Nxf5 18. Rxf5 gxf5 19. Qxf5 Qc8 20. Qf4 Qe6 21.
Rf1 f6 22. Qg3+ Kh8 23. Bf4 Rg8 24. Qh4 Rg6 25. Rf2 Bb4 26. g4 Rc8 27. Kh2 c5
28. g5 f5 29. Be5+ Kg8 30. Qf4 cxd4 31. exd4 Bxc3 32. bxc3 Rxc3 33. h4 Kf7 34.
Qd2 Qc8 35. Rxf5+ Qxf5 36. Qxc3 Qf2+ 37. Kh3 Rc6 38. Qb3 Qf5+ 39. Kg3 Ke6 40.
Bf6 Qe4 41. Qa3 Kf5 42. Be5 Qg4+ 43. Kf2 Rc2+ 44. Kf1 Qg2+ 0-1

[Event "Quebec-ch U16"]
[Site "Montreal CAN"]
[Date "2016.01.17"]
[Round "4"]
[White "Saha, Ananda"]
[Black "Fan, Run Kun"]
[Result "1-0"]
[WhiteElo "1920"]
[BlackElo "2070"]
[PlyCount "86"]
[EventDate "2016.01.15"]
[EventType "swiss"]
[EventRounds "5"]
[EventCountry "CAN"]

1. d4 d5 2. c4 c6 3. Nf3 e6 4. Nc3 Nf6 5. Bg5 h6 6. Bxf6 Qxf6 7. Qb3 g6 8. e4
Qe7 9. O-O-O dxe4 10. Nxe4 Bg7 11. Ne5 O-O 12. f4 Nd7 13. h4 c5 14. Nxd7 Bxd7
15. Nxc5 Bc6 16. Qe3 h5 17. Nd3 Qf6 18. Rh2 Qxd4 19. Qxd4 Bxd4 20. g3 Rfd8 21.
Bg2 Bxg2 22. Rxg2 Rac8 23. Rc2 Be3+ 24. Kb1 Rd4 25. Re2 Bg1 26. Rxg1 Rxd3 27.
b3 Rcd8 28. Kc2 Rf3 29. Reg2 Rd4 30. Rd1 Rxd1 31. Kxd1 Rd3+ 32. Kc2 Rd7 33. Kc3
Kg7 34. b4 Kf6 35. Re2 Rd1 36. c5 Rd5 37. a4 e5 38. fxe5+ Rxe5 39. Rxe5 Kxe5
40. Kc4 a6 41. b5 axb5+ 42. Kxb5 f6 43. Kb6 g5 1-0

[Event "Quebec-ch U16"]
[Site "Montreal CAN"]
[Date "2016.01.17"]
[Round "4"]
[White "Turgeon, Yoakim"]
[Black "Saine, Zachary"]
[Result "0-1"]
[WhiteElo "1587"]
[BlackElo "1760"]
[PlyCount "102"]
[EventDate "2016.01.15"]
[EventType "swiss"]
[EventRounds "5"]
[EventCountry "CAN"]

1. d4 d5 2. e3 e6 3. Bd3 c5 4. c3 Nf6 5. f4 b6 6. Nf3 Bb7 7. O-O g6 8. Ne5 Bg7
9. Bb5+ Nbd7 10. Qa4 a6 11. Bxd7+ Nxd7 12. Qxd7+ Qxd7 13. Nxd7 Kxd7 14. Nd2 a5
15. a4 Ba6 16. Re1 Bd3 17. Nf3 Bf5 18. Ne5+ Bxe5 19. fxe5 c4 20. Rf1 Ke7 21.
Bd2 Rhc8 22. Be1 Rcb8 23. Bh4+ Ke8 24. Rf2 Bd3 25. Rd2 b5 26. b3 bxa4 27. bxc4
dxc4 28. Rxa4 Rb1+ 29. Kf2 Rc1 30. Rda2 Rc2+ 31. Rxc2 Bxc2 32. Ra2 Bb3 33. Ra3
a4 34. e4 Bc2 35. Ke3 Ra5 36. Be1 Rb5 37. Ra2 Rb1 38. Rxc2 Rxe1+ 39. Kf3 Ra1
40. Rb2 Rc1 41. Rb4 Rxc3+ 42. Kg4 a3 43. Ra4 h5+ 44. Kg5 Rc2 45. Ra8+ Kd7 46.
Ra7+ Kc6 47. Kf6 Rf2+ 48. Ke7 a2 49. Ra5 Kb6 50. Ra4 c3 51. d5 c2 0-1

[Event "Quebec-ch U16"]
[Site "Montreal CAN"]
[Date "2016.01.17"]
[Round "5"]
[White "Cai, Susan"]
[Black "Zhang, Evan"]
[Result "0-1"]
[WhiteElo "1222"]
[BlackElo "1584"]
[PlyCount "62"]
[EventDate "2016.01.15"]
[EventType "swiss"]
[EventRounds "5"]
[EventCountry "CAN"]

1. e4 e5 2. Nf3 Nc6 3. b3 Nf6 4. d3 Bc5 5. Bb2 d6 6. h3 h6 7. Nc3 a6 8. Ne2 Bb6
9. Ng3 O-O 10. d4 exd4 11. Nxd4 Re8 12. Nxc6 bxc6 13. Bd3 d5 14. Qe2 dxe4 15.
Nxe4 Nxe4 16. Bxe4 f5 17. O-O Rxe4 18. Qf3 Qg5 19. Rae1 Be6 20. Kh2 Bd5 21.
Rxe4 Bxe4 22. Qg3 Qxg3+ 23. Kxg3 Bxc2 24. Rc1 Be4 25. f3 Bd5 26. Kf4 g6 27. g4
Re8 28. Kg3 fxg4 29. hxg4 g5 30. f4 Re3+ 31. Kf2 Rxb3+ 0-1

[Event "Quebec-ch U16"]
[Site "Montreal CAN"]
[Date "2016.01.17"]
[Round "5"]
[White "Democri, Fardin"]
[Black "Turgeon, Yoakim"]
[Result "1-0"]
[WhiteElo "1381"]
[BlackElo "1587"]
[PlyCount "125"]
[EventDate "2016.01.15"]
[EventType "swiss"]
[EventRounds "5"]
[EventCountry "CAN"]

1. e4 e5 2. Nf3 Nc6 3. Bc4 Bc5 4. c3 Nf6 5. d3 d6 6. h3 h6 7. Be3 Be6 8. Bb3
O-O 9. Nbd2 Bxe3 10. fxe3 d5 11. exd5 Bxd5 12. O-O e4 13. dxe4 Bxe4 14. Nxe4
Nxe4 15. Nd4 Qd6 16. Nf5 Qxd1 17. Raxd1 Rad8 18. Nd4 Na5 19. Bc2 Nf6 20. b3
Rfe8 21. Nb5 c6 22. Nc7 Rxd1 23. Rxd1 Rc8 24. e4 Nh7 25. Rd7 Nf6 26. Rd1 g6 27.
e5 Ne8 28. Nxe8 Rxe8 29. Bd3 c5 30. Re1 Nc6 31. e6 Kg7 32. Bc4 Nd8 33. e7 Nc6
34. Bd5 f5 35. Re6 Rxe7 36. Rxe7+ Nxe7 37. Bxb7 Kf6 38. Kf2 Ke5 39. g4 fxg4 40.
hxg4 Kf4 41. Bf3 g5 42. a4 Ng6 43. b4 cxb4 44. cxb4 Ne5 45. Be2 Ke4 46. a5 Kd5
47. Ke3 Kd6 48. Kd4 Nc6+ 49. Kc4 Ne5+ 50. Kb5 Kc7 51. Ka6 Kb8 52. Kb5 Kb7 53.
Kc5 Kc7 54. Kd5 Nc6 55. Kc5 Ne5 56. b5 Kb7 57. Kd6 Nf7+ 58. Ke6 Nd8+ 59. Kf6 a6
60. b6 Nc6 61. Bf3 h5 62. gxh5 g4 63. Bg2 1-0

[Event "Quebec-ch U16"]
[Site "Montreal CAN"]
[Date "2016.01.17"]
[Round "5"]
[White "Johnson-Constantin, Matthieu"]
[Black "Saha, Ananda"]
[Result "1-0"]
[WhiteElo "1712"]
[BlackElo "1920"]
[PlyCount "165"]
[EventDate "2016.01.15"]
[EventType "swiss"]
[EventRounds "5"]
[EventCountry "CAN"]

1. e4 c5 2. f4 e6 3. c3 d5 4. e5 d4 5. Nf3 Nc6 6. Bd3 Nge7 7. O-O a6 8. Ng5 Ng6
9. Qh5 Qc7 10. Bxg6 fxg6 11. Qg4 Qd7 12. Nxh7 Qf7 13. Ng5 Qf5 14. Qf3 Be7 15.
g4 Qf8 16. Qe4 Rh6 17. Nf3 Qf7 18. Na3 Bd7 19. Nc4 O-O-O 20. Ng5 Qg8 21. b3 Na7
22. Nb6+ Kb8 23. Nxd7+ Rxd7 24. Nf3 Qf7 25. cxd4 cxd4 26. d3 Rh8 27. Bb2 Nc6
28. Rac1 Rhd8 29. g5 Qf5 30. Qxf5 gxf5 31. a3 Na5 32. b4 Nc6 33. Rc4 Rd5 34.
Rfc1 a5 35. bxa5 Rxa5 36. Kf2 Rad5 37. Ke1 R8d7 38. h4 g6 39. Kd1 Bd8 40. Rc5
Bb6 41. Rxd5 Rxd5 42. Nd2 Rd7 43. Rc4 Ba7 44. Nb3 Rd5 45. Kc2 Bb6 46. a4 Rd7
47. Ba3 Rh7 48. Bc5 Bxc5 49. Nxc5 Re7 50. Nb3 Rd7 51. a5 Ka7 52. a6 Rc7 53.
axb7 Kxb7 54. Nc5+ Kb6 55. Nxe6 Rc8 56. Kb2 Rh8 57. Nxd4 Ne7 58. Nf3 Rd8 59.
Kc2 Nd5 60. Kd2 Ra8 61. Ne1 Rh8 62. Ng2 Rd8 63. Ne3 Ne7 64. d4 Nc6 65. d5 Na5
66. Rc3 Nb7 67. Rc6+ Kb5 68. e6 Rxd5+ 69. Nxd5 Kxc6 70. Ne7+ Kd6 71. Nxg6 Kxe6
72. h5 Nd6 73. Nh4 Kf7 74. Kd3 Ke6 75. Kd4 Ne8 76. h6 Kf7 77. Nxf5 Kg6 78. Nh4+
Kh7 79. Ke5 Nc7 80. f5 Ne8 81. f6 Nc7 82. f7 Ne8 83. f8=Q 1-0

[Event "Quebec-ch U16"]
[Site "Montreal CAN"]
[Date "2016.01.17"]
[Round "5"]
[White "Li, Yi Lin"]
[Black "Fan, Run Kun"]
[Result "0-1"]
[WhiteElo "1969"]
[BlackElo "2070"]
[PlyCount "82"]
[EventDate "2016.01.15"]
[EventType "swiss"]
[EventRounds "5"]
[EventCountry "CAN"]

1. d4 d5 2. c4 c6 3. Nc3 Nf6 4. Nf3 e6 5. Bg5 h6 6. Bh4 dxc4 7. e4 b5 8. e5 g5
9. Nxg5 hxg5 10. Bxg5 Nbd7 11. g3 Rg8 12. Bxf6 Nxf6 13. exf6 Bb7 14. Bg2 Qb6
15. O-O O-O-O 16. Qh5 Rg6 17. a4 a6 18. axb5 axb5 19. Rad1 Rxf6 20. g4 Qc7 21.
g5 Rf5 22. Bh3 Rf4 23. Ne2 Re4 24. Bg2 Rxe2 25. Qxe2 Bg7 26. Qg4 Qd6 27. Qf3
Rd7 28. h4 Bxd4 29. h5 c5 30. Qg4 Bxg2 31. Qxg2 Qd5 32. Rd2 Qe5 33. h6 Rd5 34.
h7 Qg7 35. g6 fxg6 36. Ra1 Qxh7 37. Qh2 Rg5+ 38. Qg2 Rxg2+ 39. Kxg2 Qb7+ 40.
Kg3 Qd5 41. f4 g5 0-1

[Event "Quebec-ch U16"]
[Site "Montreal CAN"]
[Date "2016.01.17"]
[Round "5"]
[White "Saine, Zachary"]
[Black "Hua, Justin"]
[Result "1-0"]
[WhiteElo "1760"]
[BlackElo "1236"]
[PlyCount "67"]
[EventDate "2016.01.15"]
[EventType "swiss"]
[EventRounds "5"]
[EventCountry "CAN"]

1. e4 e5 2. Nf3 Nc6 3. Bc4 Nf6 4. d3 g6 5. O-O Bg7 6. Re1 d6 7. c3 O-O 8. Be3
Re8 9. Bb3 Be6 10. Bc2 Ng4 11. d4 Nxe3 12. fxe3 Bg4 13. Kh1 Ne7 14. h3 Bxf3 15.
Qxf3 f6 16. Na3 c6 17. Rad1 Qc7 18. b4 Rad8 19. c4 d5 20. cxd5 cxd5 21. Bb3 Qd6
22. exd5 Nf5 23. Nb5 Qb6 24. d6+ Kh8 25. Nc7 Nxd6 26. Nxe8 Rxe8 27. Qd5 Nb5 28.
Qc5 Qxc5 29. dxc5 Nc3 30. Rd7 Rb8 31. e4 Nb5 32. Bd5 Nd4 33. Rxb7 Rxb7 34. Bxb7
1-0

[Event "Quebec-ch U18"]
[Site "Montreal CAN"]
[Date "2016.01.15"]
[Round "1"]
[White "Harris, Gabriel"]
[Black "Zhu, Hong Rui"]
[Result "0-1"]
[WhiteElo "1446"]
[BlackElo "2267"]
[PlyCount "92"]
[EventDate "2016.01.15"]
[EventType "tourn"]
[EventRounds "5"]
[EventCountry "CAN"]

1. Nf3 c5 2. g3 Nc6 3. Bg2 g6 4. O-O Bg7 5. d3 e6 6. c4 Nge7 7. Qc2 O-O 8. Nc3
Rb8 9. Bd2 d6 10. a3 b6 11. Rab1 a5 12. Na2 b5 13. cxb5 Rxb5 14. b4 axb4 15.
axb4 Bd7 16. bxc5 Rxc5 17. Nc3 Qa5 18. Ra1 Rxc3 19. Bxc3 Qxc3 20. Qxc3 Bxc3 21.
Ra4 Rb8 22. e3 d5 23. Rc1 Rb3 24. Ra2 Kg7 25. d4 Kf6 26. Nd2 Bxd2 27. Rxd2 Na5
28. Bf1 Bb5 29. Bxb5 Rxb5 30. Kg2 Nb3 31. Rb2 Nxd4 32. Rxb5 Nxb5 33. f4 h5 34.
Kf3 Nf5 35. h3 Nfd6 36. g4 hxg4+ 37. hxg4 Nc4 38. g5+ Ke7 39. Ke2 Nbd6 40. Kd3
Ne4 41. Kd4 Ned2 42. Kd3 Nb3 43. Rb1 Nc5+ 44. Kd4 Nd7 45. Ra1 Nd6 46. Kd3 Nc5+
0-1

[Event "Quebec-ch U18"]
[Site "Montreal CAN"]
[Date "2016.01.15"]
[Round "1"]
[White "Yu, Zong Yang"]
[Black "Liu, Yu Qing"]
[Result "1-0"]
[WhiteElo "2395"]
[BlackElo "1795"]
[PlyCount "73"]
[EventDate "2016.01.15"]
[EventType "tourn"]
[EventRounds "5"]
[EventCountry "CAN"]

1. d4 d5 2. c4 e6 3. Nc3 c6 4. e3 f5 5. Bd3 Nf6 6. Qc2 Ne4 7. Nge2 Bd6 8. O-O
O-O 9. f3 Ng5 10. Bd2 Rf6 11. e4 Rh6 12. e5 Be7 13. Rac1 Na6 14. a3 Bd7 15.
cxd5 cxd5 16. Qb3 Rb8 17. Nb5 Qe8 18. Nxa7 Ba4 19. Qc3 Qh5 20. Bf4 Rg6 21. Bg3
Qh6 22. Nf4 Rf8 23. Nc8 Bd8 24. Nd6 Nb8 25. Nxb7 Bb6 26. Qb4 Nd7 27. Qxa4 Nxe5
28. Be2 Nc4 29. Rxc4 dxc4 30. Nxg6 Qxg6 31. Qxc4 Kh8 32. Nc5 Rd8 33. b4 f4 34.
Bd3 Qf6 35. Bf2 h5 36. h4 Nf7 37. Qxe6 1-0

[Event "Quebec-ch U18"]
[Site "Montreal CAN"]
[Date "2016.01.16"]
[Round "2"]
[White "Yu, Zong Yang"]
[Black "Harris, Gabriel"]
[Result "1-0"]
[WhiteElo "2395"]
[BlackElo "1446"]
[PlyCount "63"]
[EventDate "2016.01.15"]
[EventType "tourn"]
[EventRounds "5"]
[EventCountry "CAN"]

1. d4 Nf6 2. c4 g6 3. Nc3 Bg7 4. e4 d6 5. f4 O-O 6. Nf3 Nbd7 7. Be2 e5 8. fxe5
dxe5 9. d5 Nc5 10. Bg5 h6 11. Bxf6 Qxf6 12. b4 Nd7 13. c5 c6 14. O-O b6 15.
dxc6 Qxc6 16. Bc4 Rb8 17. Bd5 Qc7 18. Nb5 Qd8 19. c6 Qe7 20. cxd7 Ba6 21. Qa4
Bb7 22. Nc3 Bxd5 23. Nxd5 Qd6 24. Qc6 Qxc6 25. Ne7+ Kh7 26. Nxc6 Ra8 27. Rfd1
Bf6 28. Rd6 Bd8 29. Nxd8 Raxd8 30. Nxe5 f6 31. Nc6 Ra8 32. d8=Q 1-0

[Event "Quebec-ch U18"]
[Site "Montreal CAN"]
[Date "2016.01.16"]
[Round "2"]
[White "Zhu, Hong Rui"]
[Black "Vorobev, Alexander"]
[Result "1-0"]
[WhiteElo "2267"]
[BlackElo "1905"]
[PlyCount "67"]
[EventDate "2016.01.15"]
[EventType "tourn"]
[EventRounds "5"]
[EventCountry "CAN"]

1. e4 c6 2. d4 d5 3. exd5 cxd5 4. Bd3 Nc6 5. c3 Nf6 6. Bf4 Bg4 7. Qb3 Qc8 8.
Nd2 e6 9. Ngf3 Be7 10. O-O O-O 11. Ne5 Nxe5 12. dxe5 Nd7 13. Qc2 Kh8 14. h3 Bh5
15. Bxh7 g6 16. g4 Bxg4 17. hxg4 Kxh7 18. Kg2 Rh8 19. Rh1+ Kg7 20. Rxh8 Kxh8
21. Qd3 Bf8 22. Rh1+ Kg8 23. Qh3 Bg7 24. Nf3 Qc4 25. Kg3 g5 26. Nxg5 Nxe5 27.
Re1 Qd3+ 28. Re3 Qg6 29. Rxe5 Bxe5 30. Bxe5 f6 31. Bxf6 Qxf6 32. Qh7+ Kf8 33.
Qxb7 Qe5+ 34. Kh3 1-0

[Event "Quebec-ch U18"]
[Site "Montreal CAN"]
[Date "2016.01.16"]
[Round "3"]
[White "Harris, Gabriel"]
[Black "Liu, Yu Qing"]
[Result "1/2-1/2"]
[WhiteElo "1446"]
[BlackElo "1795"]
[PlyCount "72"]
[EventDate "2016.01.15"]
[EventType "tourn"]
[EventRounds "5"]
[EventCountry "CAN"]

1. d4 d5 2. c4 e6 3. Nf3 c6 4. Bf4 f5 5. c5 Nf6 6. Nc3 Be7 7. e3 O-O 8. Bd3 Ne4
9. Qc2 Nd7 10. O-O Kh8 11. b4 Qe8 12. a4 Qh5 13. Ne5 g5 14. Be2 Qh6 15. Nxd7
Bxd7 16. Be5+ Bf6 17. Bc7 Rac8 18. Nxe4 fxe4 19. Bd6 Rg8 20. h3 Qg7 21. Qc3 Qg6
22. b5 b6 23. bxc6 Bxc6 24. Ba6 Rcd8 25. Bc7 g4 26. hxg4 Qxg4 27. g3 Qf3 28.
Bxd8 Bxd8 29. Qc2 b5 30. Bxb5 Bxb5 31. axb5 Rg6 32. Qd1 Rxg3+ 33. fxg3 Qxg3+
34. Kh1 Qh3+ 35. Kg1 Qg3+ 36. Kh1 Qh3+ 1/2-1/2

[Event "Quebec-ch U18"]
[Site "Montreal CAN"]
[Date "2016.01.16"]
[Round "3"]
[White "Vorobev, Alexander"]
[Black "Yu, Zong Yang"]
[Result "0-1"]
[WhiteElo "1905"]
[BlackElo "2395"]
[PlyCount "80"]
[EventDate "2016.01.15"]
[EventType "tourn"]
[EventRounds "5"]
[EventCountry "CAN"]

1. e4 c5 2. Nf3 e6 3. d3 Nc6 4. Nbd2 d5 5. g3 Bd6 6. Bg2 Nge7 7. O-O O-O 8. Re1
Qc7 9. c3 Bd7 10. Qe2 f6 11. Nf1 d4 12. c4 a6 13. N3d2 e5 14. h3 Be6 15. g4 Ng6
16. Nf3 b5 17. b3 bxc4 18. bxc4 Rab8 19. Ng3 Nf4 20. Bxf4 exf4 21. Nf5 Be5 22.
Reb1 Qa5 23. Qe1 Qxe1+ 24. Nxe1 Bc7 25. Nc2 Kf7 26. Kf1 Ne5 27. Rb3 Bd7 28. Ne1
Ba4 29. Ra3 Rb4 30. Bf3 a5 31. Be2 Bd7 32. Bd1 Rfb8 33. Rb3 a4 34. Rxb4 Rxb4
35. Bc2 Rb2 36. Bd1 Ba5 37. Be2 Bc3 38. Rc1 Rxa2 39. Nd6+ Ke7 40. Nb7 Bb4 0-1

[Event "Quebec-ch U18"]
[Site "Montreal CAN"]
[Date "2016.01.17"]
[Round "4"]
[White "Harris, Gabriel"]
[Black "Vorobev, Alexander"]
[Result "0-1"]
[WhiteElo "1446"]
[BlackElo "1905"]
[PlyCount "62"]
[EventDate "2016.01.15"]
[EventType "tourn"]
[EventRounds "5"]
[EventCountry "CAN"]

1. Nf3 d5 2. g3 Nc6 3. Bg2 Bg4 4. d3 e5 5. Nbd2 Qd7 6. c4 d4 7. a3 a5 8. h3 Bh5
9. O-O Be7 10. Ne4 f5 11. Ned2 Nf6 12. Qb3 e4 13. dxe4 fxe4 14. Ng5 Bxe2 15.
Re1 a4 16. Qxb7 Ra7 17. Qb5 Ra5 18. Qb7 Nd8 19. Qb8 d3 20. Ngxe4 O-O 21. c5 Nd5
22. Nd6 Rxc5 23. N6c4 Qf5 24. f4 Ne6 25. Qb7 Ndxf4 26. gxf4 Nxf4 27. Ne4 Nxg2
28. Kxg2 Rxc4 29. Rxe2 dxe2 30. Ng3 Qf2+ 31. Kh1 e1=Q+ 0-1

[Event "Quebec-ch U18"]
[Site "Montreal CAN"]
[Date "2016.01.17"]
[Round "4"]
[White "Liu, Yu Qing"]
[Black "Zhu, Hong Rui"]
[Result "1-0"]
[WhiteElo "1795"]
[BlackElo "2267"]
[PlyCount "71"]
[EventDate "2016.01.15"]
[EventType "tourn"]
[EventRounds "5"]
[EventCountry "CAN"]

1. e4 c5 2. Nf3 d6 3. d4 cxd4 4. Nxd4 Nf6 5. Nc3 g6 6. Be3 Bg7 7. f3 Nc6 8. Bc4
O-O 9. Qd2 Bd7 10. O-O-O Rc8 11. Bb3 Nxd4 12. Bxd4 b5 13. Nd5 Nxd5 14. Bxg7
Kxg7 15. exd5 a5 16. a3 Kg8 17. Rhe1 Rc5 18. Kb1 Re8 19. g4 b4 20. a4 Bc8 21.
Qd3 Qb6 22. Re4 Rc7 23. Rde1 Ba6 24. Qd2 Qa7 25. h4 Rec8 26. h5 Bc4 27. Bxc4
Rxc4 28. Rxe7 Qd4 29. Qh6 Rf8 30. Rxf7 Kxf7 31. Qxh7+ Qg7 32. hxg6+ Kf6 33.
Re6+ Kg5 34. Qxg7 Rxf3 35. Qe7+ Kf4 36. Rf6+ 1-0

[Event "Quebec-ch U18"]
[Site "Montreal CAN"]
[Date "2016.01.17"]
[Round "5"]
[White "Vorobev, Alexander"]
[Black "Liu, Yu Qing"]
[Result "1/2-1/2"]
[WhiteElo "1905"]
[BlackElo "1795"]
[PlyCount "65"]
[EventDate "2016.01.15"]
[EventType "tourn"]
[EventRounds "5"]
[EventCountry "CAN"]

1. e4 c5 2. Nf3 a6 3. c4 Nc6 4. Nc3 e5 5. d3 Nge7 6. g3 g6 7. Bg2 Bg7 8. O-O d6
9. Be3 O-O 10. Qd2 Nd4 11. Bh6 Bg4 12. Bxg7 Kxg7 13. Nxd4 exd4 14. Ne2 Qc8 15.
f4 Nc6 16. f5 Bxe2 17. f6+ Kh8 18. Qxe2 Ne5 19. h3 Qd8 20. g4 h6 21. h4 Kh7 22.
g5 h5 23. Bh3 Kg8 24. Rfb1 a5 25. a4 Ra6 26. b3 Qb6 27. Rb2 Qb4 28. Rab1 Rb6
29. Rc2 Ra6 30. Kf1 Qb6 31. Ke1 Qc7 32. Kd1 Rb6 33. Kd2 1/2-1/2

[Event "Quebec-ch U18"]
[Site "Montreal CAN"]
[Date "2016.01.17"]
[Round "5"]
[White "Zhu, Hong Rui"]
[Black "Yu, Zong Yang"]
[Result "0-1"]
[WhiteElo "2267"]
[BlackElo "2395"]
[PlyCount "76"]
[EventDate "2016.01.15"]
[EventType "tourn"]
[EventRounds "5"]
[EventCountry "CAN"]

1. e4 c5 2. Nf3 e6 3. d4 cxd4 4. Nxd4 a6 5. Bd3 Nf6 6. O-O d6 7. c4 g6 8. Nc3
Bg7 9. Be3 O-O 10. f3 Qc7 11. Rc1 Nbd7 12. Be2 b6 13. b4 Bb7 14. Nb3 Rac8 15.
Qe1 Qb8 16. Qf2 Ba8 17. Rfd1 Rc6 18. Nd4 Rc7 19. Nb3 Rfc8 20. Rxd6 Rxc4 21.
Bxc4 Qxd6 22. Bxa6 Ng4 23. fxg4 Rxc3 24. Rxc3 Bxc3 25. Qc2 Qxb4 26. Qd3 Bf6 27.
Nd2 Bc6 28. Qc2 Bd4 29. Kf2 Nc5 30. Bd3 Ba4 31. Nb3 Bxb3 32. axb3 Bxe3+ 33.
Kxe3 Nxb3 34. Qc4 Qe1+ 35. Kf4 Qf2+ 36. Ke5 Nc5 37. Qb5 Kg7 38. Bb1 Qd2 0-1

[Event "Quebec-ch U20"]
[Site "Montreal CAN"]
[Date "2016.04.22"]
[Round "1.1"]
[White "Yu, Zong Yang"]
[Black "Durette, Francis"]
[Result "1-0"]
[WhiteElo "2391"]
[BlackElo "1957"]
[PlyCount "127"]
[EventDate "2016.04.22"]
[EventType "swiss"]
[EventRounds "5"]
[EventCountry "CAN"]

1. d4 Nf6 2. c4 g6 3. Nc3 Bg7 4. e4 d6 5. Be2 O-O 6. Nf3 e5 7. O-O exd4 8. Nxd4
Re8 9. f3 Nbd7 10. Kh1 a5 11. Ndb5 Nc5 12. Bg5 Ne6 13. Be3 Bd7 14. Qd2 Bc6 15.
b3 b6 16. a3 Qd7 17. Rfd1 Nc5 18. Rab1 Re7 19. Nd4 Bb7 20. b4 Ne6 21. Ndb5 Kh8
22. Nd5 Ree8 23. e5 Nxd5 24. cxd5 Nf8 25. exd6 cxd6 26. Rbc1 Qe7 27. Nc7 Qxe3
28. Qxe3 Rxe3 29. Nxa8 Bxa8 30. Bb5 Rxa3 31. bxa5 Rxa5 32. Bc6 Be5 33. f4 Bxf4
34. Ra1 Rxa1 35. Rxa1 Bxc6 36. dxc6 Ne6 37. Rf1 Bg5 38. Rxf7 Kg8 39. c7 Nxc7
40. Rxc7 Be3 41. g4 Bc5 42. Rb7 d5 43. Kg2 d4 44. Kf3 g5 45. Ke4 Kh8 46. Kf5
Kg8 47. Kxg5 Kf8 48. Kf6 Ke8 49. Ke6 Kf8 50. Rxh7 b5 51. Rh5 Ba7 52. Rxb5 Kg8
53. h4 d3 54. Rd5 Bf2 55. h5 Kh7 56. Rxd3 Kh6 57. Kf5 Bh4 58. Rd7 Be7 59. Rb7
Bh4 60. Rb6+ Kg7 61. g5 Bg3 62. Rb7+ Kg8 63. h6 Bd6 64. g6 1-0

[Event "Quebec-ch U20"]
[Site "Montreal CAN"]
[Date "2016.04.22"]
[Round "1.3"]
[White "Zhu, Hong Rui"]
[Black "Tanaka, Tyler"]
[Result "0-1"]
[WhiteElo "2300"]
[BlackElo "1654"]
[PlyCount "56"]
[EventDate "2016.04.22"]
[EventType "swiss"]
[EventRounds "5"]
[EventCountry "CAN"]

1. e4 c5 2. Nf3 d6 3. d4 cxd4 4. Nxd4 Nf6 5. Nc3 g6 6. Be3 Bg7 7. f3 O-O 8. Qd2
Nc6 9. Bc4 Bd7 10. O-O-O Rc8 11. Bb3 Ne5 12. Kb1 Nc4 13. Bxc4 Rxc4 14. g4 Qc7
15. h4 Rc8 16. h5 Rxc3 17. Qxc3 Qxc3 18. bxc3 Rxc3 19. Rd3 Rc7 20. hxg6 hxg6
21. Rh2 Ne8 22. Kb2 Rc4 23. Rhd2 Nc7 24. Rc3 Rxc3 25. Kxc3 d5 26. Kb4 e5 27.
Ne2 Bf8+ 28. Ka5 d4 0-1

[Event "Quebec-ch U20"]
[Site "Montreal CAN"]
[Date "2016.04.22"]
[Round "1.5"]
[White "Yao, Houji"]
[Black "Turgeon, Yoakim"]
[Result "1-0"]
[WhiteElo "2040"]
[BlackElo "1619"]
[PlyCount "87"]
[EventDate "2016.04.22"]
[EventType "swiss"]
[EventRounds "5"]
[EventCountry "CAN"]

1. e4 e5 2. Nf3 Nc6 3. Bb5 a6 4. Ba4 Nf6 5. Bxc6 dxc6 6. O-O Bg4 7. h3 Bxf3 8.
Qxf3 Bc5 9. d3 Qd6 10. Bg5 O-O-O 11. Nc3 h6 12. Bxf6 Qxf6 13. Qxf6 gxf6 14. Ne2
Rhg8 15. Kh2 Rg5 16. g4 h5 17. gxh5 Rxh5 18. Ng3 Rh4 19. Nf5 Rf4 20. f3 b5 21.
Rad1 Bb6 22. Rd2 c5 23. Rg2 c4 24. dxc4 bxc4 25. h4 Bd4 26. c3 Bc5 27. h5 Rh8
28. Rg4 Rxh5+ 29. Kg3 Rxg4+ 30. fxg4 Rh8 31. Rd1 Rd8 32. Rxd8+ Kxd8 33. Kh4 Ke8
34. Kh5 Kf8 35. g5 fxg5 36. Kxg5 Be7+ 37. Kg4 f6 38. Ne3 Ke8 39. Kf5 Kd7 40.
Nxc4 c5 41. Nb6+ Ke8 42. Ke6 Kf8 43. Nd7+ Ke8 44. Nxf6+ 1-0

[Event "Quebec-ch U20"]
[Site "Montreal CAN"]
[Date "2016.04.22"]
[Round "1.6"]
[White "Kuleshova, Julia"]
[Black "Ouellet, Maili-Jade"]
[Result "0-1"]
[WhiteElo "1550"]
[BlackElo "2004"]
[PlyCount "52"]
[EventDate "2016.04.22"]
[EventType "swiss"]
[EventRounds "5"]
[EventCountry "CAN"]

1. e4 c5 2. Nf3 a6 3. c3 d5 4. e5 d4 5. cxd4 cxd4 6. Bd3 e6 7. O-O Ne7 8. Na3
Nf5 9. Nc2 Nc6 10. a3 Bc5 11. b4 Ba7 12. Bb2 O-O 13. g3 Qd7 14. Re1 b5 15. g4
Nfe7 16. h4 Bb7 17. h5 Nd5 18. Re4 f5 19. gxf5 exf5 20. Rh4 Qe7 21. Ncxd4 Nxe5
22. Nxe5 Qxh4 23. Nef3 Qg4+ 24. Kf1 Nf4 25. Be2 Qg2+ 26. Ke1 Qh1+ 0-1